000 01059nam a2200265 i 4500
001 bg
100 1 _aZiebell, Barbara.
245 0 0 _aUnterrichtsbeobachtung und Lehrerverhalten /
_cBarbara Ziebell ; unter Mitarbeit von Herrad Meese.
260 _aBerlin [etc.] :
_bLangenscheidt ;
_ccop. 2002.
300 _a172 s. :
_bil. ;
_c30 cm.
490 1 _aFernstudienprojekt zur Fort- und Weiterbildung im Bereich Germanistik und Deutsch als Fremdsprache.
_pTeilbereich Deutsch als Fremdsprache
_vFernstudieneinheit 32,
504 _aBibliogr.
650 9 _aJęzyk niemiecki
_xnauczanie
655 _aPodręczniki
700 1 _aMeese, Herrad.
830 _aFernstudienprojekt zur Fort- und Weiterbildung im Bereich Germanistik und Deutsch als Fremdsprache.
_pTeilbereich Deutsch als Fremdsprache
020 _a3468496338
040 _cBPK
041 0 _ager
044 _aDEU
080 _a811.112.2:37.091.3](072)
942 _cKS
008 s pl f |000 0 pol
999 _c54360
_d54360
856 _uhttp://koha.tu.koszalin.pl/cgi-bin/koha/opac-detail.pl?biblionumber=54360
_yKatalog online BPK